Ekonomika stavebníctva 2. diel

Bibliographic Details
Main Author: Urbánek, Karol, 1925-1996 (Author)
Format: Book
Language:Slovak
PhysicalDescription:186 s., 14,269 AH grafy, sch., tab. 29 cm
Published: Bratislava Vysoká škola ekonomická 1977
Edition:2. vyd.
Series:Vysokoškolské skriptá
Subjects:

MARC

LEADER 00000cam a2200000 a 4500
001 vtls001106432
003 SK-MaSNL
005 20260301055337.0
008 250414s1977 xo 00000 slo
015 |a SNBA1977 
035 |a SNK000049274 
040 |a SNK  |b slo  |c SNK  |e AACR2 
041 0 |a slo 
044 |a xo  |c SK 
080 |a 69:33(075.8)  |2 1981 
080 |a 33(075.8)  |2 1981 
080 |a 33  |2 1981 
080 |a 69(075.8)  |2 1981 
080 |a 378  |2 1981 
080 |a 69  |2 1981 
100 1 |a Urbánek, Karol,  |d 1925-1996  |4 aut  |9 198210 
245 1 0 |a Ekonomika stavebníctva  |n 2. diel  |c Karol Urbánek 
250 |a 2. vyd. 
260 |a Bratislava  |b Vysoká škola ekonomická  |c 1977  |e Bratislava  |f Edičné stredisko VŠE 
300 |a 186 s., 14,269 AH  |b grafy, sch., tab.  |c 29 cm 
366 |e 500 výt. 
490 1 |a Vysokoškolské skriptá 
504 |a Bibliogr. 
650 0 7 |a stavebníctvo  |2 SNKPH  |9 726 
650 0 7 |a ekonomika  |2 SNKPH  |9 789 
655 7 |a učebnice vysokých škôl  |2 SNKPH  |9 70191 
830 0 |a Vysokoškolské skriptá  |9 276440 
852 |a Slovenská národná knižnica 
954 |a stavebníctvo  |a ekonomika 
958 |a OND 
958 |a SK 
958 |a NB 
999 |c 613124  |d 615054 
952 |a SNK  |b SNK  |y PREZ  |7 0  |p 17A0925923  |o snkSB 25485/2  |0 0  |1 0  |4 0  |d 2014-01-23  |f 1  |l 0  |r 2025-03-28 00:00:00  |w 2026-02-23